<?xml version="1.0" encoding="UTF-8"?>
<record
    xmlns:xsi="http://www.w3.org/2001/XMLSchema-instance"
    xsi:schemaLocation="http://www.loc.gov/MARC21/slim http://www.loc.gov/standards/marcxml/schema/MARC21slim.xsd"
    xmlns="http://www.loc.gov/MARC21/slim">

  <leader>01744nam a2200241uu 4500</leader>
  <controlfield tag="001">1571012</controlfield>
  <controlfield tag="005">20240129082946.0</controlfield>
  <controlfield tag="007">cr|||||||</controlfield>
  <controlfield tag="008">220516s2020                        spa  </controlfield>
  <datafield tag="035" ind1=" " ind2=" ">
    <subfield code="a">1571012</subfield>
  </datafield>
  <datafield tag="040" ind1=" " ind2=" ">
    <subfield code="c">comduadb</subfield>
  </datafield>
  <datafield tag="041" ind1=" " ind2=" ">
    <subfield code="a">spa</subfield>
  </datafield>
  <datafield tag="080" ind1=" " ind2=" ">
    <subfield code="a">P</subfield>
  </datafield>
  <datafield tag="100" ind1="1" ind2="0">
    <subfield code="a">Montes Sierra, Adri&#xE1;n El&#xED;as</subfield>
    <subfield code="4">aut</subfield>
    <subfield code="e">aut</subfield>
    <subfield code="9">809986</subfield>
  </datafield>
  <datafield tag="245" ind1="1" ind2="0">
    <subfield code="a">Actores y poder en los asentamientos informales de Latinoam&#xE9;rica : una aproximaci&#xF3;n a un estado del arte del 2000 al 2019</subfield>
  </datafield>
  <datafield tag="260" ind1=" " ind2=" ">
    <subfield code="a">Medell&#xED;n :</subfield>
    <subfield code="b">Autor(a),</subfield>
    <subfield code="c">2020.</subfield>
  </datafield>
  <datafield tag="520" ind1=" " ind2=" ">
    <subfield code="a">RESUMEN : Los asentamientos informales existen desde el siglo XIX en Am&#xE9;rica Latina como una alternativa para las poblaciones m&#xE1;s vulnerables. Por ello, han sido una preocupaci&#xF3;n y objeto de estudio para los gobiernos, los organismos internacionales, las organizaciones sociales y la academia. Sin embargo, son pocos los estudios y an&#xE1;lisis que se preguntan por los actores con poder que intervienen en la configuraci&#xF3;n de esas formas de ocupaci&#xF3;n del territorio. Este art&#xED;culo recupera reflexivamente el conocimiento acumulado sobre los asentamientos informales, acerc&#xE1;ndose a un estado del arte entre el 2000 y el 2019. Identifica las tendencias en los enfoques, las metodolog&#xED;as, los conceptos que utilizan los distintos estudios para el abordaje de la tem&#xE1;tica. Toma como clave de an&#xE1;lisis el abordaje que los distintos estudios hacen sobre los actores con poder y deja planteados algunos de los aportes que puede hacer la Ciencia Pol&#xED;tica para avanzar en la comprensi&#xF3;n del fen&#xF3;meno.</subfield>
  </datafield>
  <datafield tag="700" ind1="1" ind2="0">
    <subfield code="a">Gonz&#xE1;lez D&#xED;az, Sandra Milena</subfield>
    <subfield code="4">ths</subfield>
    <subfield code="e">ths</subfield>
    <subfield code="9">464586</subfield>
  </datafield>
  <datafield tag="856" ind1="4" ind2=" ">
    <subfield code="u">https://bibliotecadigital.udea.edu.co/handle/10495/16721</subfield>
  </datafield>
  <datafield tag="942" ind1=" " ind2=" ">
    <subfield code="c">TESIS</subfield>
    <subfield code="n">0</subfield>
  </datafield>
  <datafield tag="999" ind1=" " ind2=" ">
    <subfield code="c">835904</subfield>
    <subfield code="d">835904</subfield>
  </datafield>
  <datafield tag="502" ind1=" " ind2=" ">
    <subfield code="b">132</subfield>
    <subfield code="c">14</subfield>
  </datafield>
  <datafield tag="526" ind1=" " ind2=" ">
    <subfield code="a">134</subfield>
  </datafield>
</record>
